Multi-Carrier and Spread Spectrum Systems: From OFDM and MC-CDMA to LTE (E BOOK) (Record no. 211146)
[ view plain ]
| 000 -LEADER | |
|---|---|
| fixed length control field | 00443 a2200169 4500 |
| 003 - CONTROL NUMBER IDENTIFIER | |
| control field | Nust |
| 005 - DATE AND TIME OF LATEST TRANSACTION | |
| control field | 20170207165239.0 |
| 020 ## - INTERNATIONAL STANDARD BOOK NUMBER | |
| International Standard Book Number | 9780470998212 (inb.) |
| 035 ## - SYSTEM CONTROL NUMBER | |
| System control number | (BOKR)9780470998212 |
| 040 ## - CATALOGING SOURCE | |
| Transcribing agency | Nust |
| 100 1# - MAIN ENTRY--PERSONAL NAME | |
| Personal name | Fazel, Khaled |
| 245 10 - TITLE STATEMENT | |
| Title | Multi-Carrier and Spread Spectrum Systems: From OFDM and MC-CDMA to LTE (E BOOK) |
| 250 ## - EDITION STATEMENT | |
| Edition statement | 2. uppl. |
| 260 ## - PUBLICATION, DISTRIBUTION, ETC. | |
| Name of publisher, distributor, etc. | John Wiley & Sons, |
| Date of publication, distribution, etc. | 2008 |
| 300 ## - PHYSICAL DESCRIPTION | |
| Extent | 360 s. |
| 700 1# - ADDED ENTRY--PERSONAL NAME | |
| Personal name | Kaiser, Stefan |
| Relator code | aut |
| 942 ## - ADDED ENTRY ELEMENTS (KOHA) | |
| Source of classification or shelving scheme | |
| Koha item type | Book |
| Withdrawn status | Lost status | Source of classification or shelving scheme | Damaged status | Not for loan | Collection code | Permanent Location | Current Location | Date acquired | Total Checkouts | Full call number | Barcode | Date last seen | Price effective from | Koha item type |
|---|---|---|---|---|---|---|---|---|---|---|---|---|---|---|
| Military College of Signals (MCS) | Military College of Signals (MCS) | 12/12/2016 | 621.382 | MCSEB-1718 | 12/08/2016 | 12/12/2016 | Book |
